01411nam a2200361Ia 4500001001200000003000800012006001900020007001500039008004100054020001500095040002100110035002100131050002900152082001700181245006400198250001600262260007800278300002400356490001700380490005600397500002000453504005100473533015200524630001200676650003400688655002900722700002200751710009600773710001700869830001800886856012600904999001901030ebr10112898CaPaEBRm u cr cn|||||||||030922s2004 mnua sb 001 0 eng d z0738427527 aCaPaEBRcCaPaEBR a(OCoLC)36950733114aQA76.76.O63bN489 2004eb04a005.4/3222200aNetworkingh[electronic resource] /cJim Cook ... [et al.]. aStudent ed. aRochester, MN :bIBM International Technical Support Organization,c2004. axii, 134 p. :bill.1 aIBM redbooks0 aManaging OS/400 with operations navigator V5R1 ;v6 a"October 2004". aIncludes bibliographical references and index. aElectronic reproduction.bPalo Alto, Calif. :cebrary,d2009.nAvailable via World Wide Web.nAccess may be limited to ebrary affiliated libraries.00aOS/400. 0aOperating systems (Computers) 7aElectronic books.2local1 aCook, Jim,d1944-2 aInternational Business Machines Corporation.bInternational Technical Support Organization.2 aebrary, Inc. 0aIBM redbooks.40uhttp://site.ebrary.com/lib/rucke/Doc?id=10112898zAn electronic book accessible through the World Wide Web; click to view c210767d210767